000 00578nam a2200205 i 4500
001 26134
003 ES-MaACL
005 20230906153407.0
007 t|
008 030107s1922 fr ||||1| fre d
100 1 _aArnozan, X.
_923126
245 1 0 _aPrécis de consultations médicales /
_cpar X. Arnozan.
250 _a12e ed.
260 _aParís :
_bOctave Doin,
_c1922 (
_eSaint-Amand :
_fBussière)
300 _aXII, 612 p. ;
_c18 cm.
490 1 _aCollection Testut
830 0 _aCollection Testut
_9181022
852 _aES-MaACL
_jF-2570
999 _c26134
_d26134